|
|
|
|
| LEADER |
00000cam a2200000 7i4500 |
| 001 |
0000039748 |
| 005 |
20151222.0 |
| 008 |
140105 |
| 020 |
|
|
|a 9674170110
|
| 090 |
0 |
0 |
|a JF
|b JAW (1502)
|
| 245 |
0 |
0 |
|a Ulat bulu bernama Noni
|
| 260 |
|
|
|a Selangor :
|b Penerbitan Gedung Ilmu ,
|c 2013
|
| 440 |
|
0 |
|a Siri kanak-kanak harmoni
|
| 500 |
|
|
|a Children ages 7-9 years old (orange)
|
| 650 |
|
0 |
|a Jawi
|
| 999 |
|
|
|a 0001260180
|b Book
|c Children Collection
|e Cawangan Pontian
|
| 999 |
|
|
|a 0001260181
|b Book
|c Children Collection
|e Cawangan AEON Kulaijaya
|
| 999 |
|
|
|a 0001260182
|b Book
|c Children Collection
|e Cawangan Tmn. Ungku Tun Aminah
|
| 999 |
|
|
|a 0001260185
|b Book
|c Children Collection
|e Cawangan Urban Transformation Centre
|
| 999 |
|
|
|a 0001260187
|b Book
|c Children Collection
|e Cawangan Bukit Gambir
|
| 999 |
|
|
|a 0001260188
|b Book
|c Children Collection
|e Cawangan Mersing
|
| 999 |
|
|
|a 0001260189
|b Book
|c Children Collection
|e Cawangan Tangkak
|
| 999 |
|
|
|a 0001261885
|b Book
|c Children Collection
|e Perbadanan Perpustakaan Awam Johor
|
| 999 |
|
|
|a 0001261886
|b Book
|c Children Collection
|e Cawangan Tangkak
|
| 999 |
|
|
|a 0001261887
|b Book
|c Children Collection
|e Perbadanan Perpustakaan Awam Johor
|